000 00494nam a22001577a 4500
005 20241125193147.0
008 241125b |||||||| |||| 00| 0 eng d
020 _a0201640597
050 _aQC21.2
_b.Y67
100 _aFord, A. Lewis
245 _aUniversity Physics/
_bstudents's solution manual, Young.Freedman, volume I
_cA. Lewis Ford
250 _a9th ed.
260 _aReading, Massachusetts
_bAddison-Wesley Publishing Company
_c1996
300 _a264p.
_bill.
_c27.5cm
942 _2lcc
_cBK
_n0
999 _c1544
_d1544